000 00861nam a22002897a 4500
001 BR0303337
003 BR-BrBNA
005 20230928101312.0
007 ta
008 230509b bl.||||| |||| 00| 0 por d
040 _aBR-BrBNA
_bpor
_cBiblioteca Nacional de Agricultura
041 _a(Por)
072 _aF50
_b1112
090 _ 1112 BR0303337
100 1 _aAlmeida, N.S.
110 1 _aCentro de Energia Nuclear na Agricultura, Piracicaba, SP (Brasil)
_0Tese (Mestre em Ciências)
245 1 _aOntogênese do embrião zigótico em Musa acuminata
260 3 _aPiracicaba, SP (Brasil):
_c2003.
300 _a49 p.
500 _aSummaries (Eng, Por); Bibliography p. 43-49; 10 illus.
650 _aBANANA
650 _aANATOMIA VEGETAL
650 _aEMBRIOGENESE
650 _aEMBRIÃO
909 _a202309
_bLucia
_c55
_dLucia Elande
942 _cBK
999 _c65161
_d65161